| 000 | 00562nam a22001817a 4500 | ||
|---|---|---|---|
| 999 |
_c194281 _d194281 |
||
| 005 | 20221213151756.0 | ||
| 010 | _aENG-135844 | ||
| 020 |
_a9789390961146 _c595.00 |
||
| 035 | _aEN-119376 | ||
| 037 | _bDBAD | ||
| 082 | _a158.1 | ||
| 100 | _aJadeja,Anurita Rathore | ||
| 245 |
_aSuccess Mantras And Musings: _bEdupreneur Manjula Pooja Shroff/ _cAnurita Rathore Jadeja |
||
| 260 |
_aNew Delhi _bVitasta publishing _c2022 |
||
| 270 |
_a2/15,Ansari road, Daryaganj _bNew Delhi |
||
| 300 |
_axii,208p. _c22cm(hb) |
||
| 942 |
_2ddc _cEN _h158.1 _mJAD |
||